Tim Hawkins-Messed up songs Quiz Stats

 Plays Quiz not verified by Sporcle

Score 0/15 Timer 05:00
0 Plays Today
08-09 comedy % Correct
All my friends have ______ replacements.hip
71.6%
Don't come in my yard no more. Whatever you kids are looking for ____ don't come in my yard no more.HEY!
66.2%
Who can take your money with a twinkle in there eye..The Government Can
63.5%
Write this on down ' Pop goes ______________'the weasel
58.1%
Where my vest is blue and my _____ is too.hair
51.4%
Why'd you grab your clipping shears and shave my head like Brittany Spears.Hey there Delilah
50%
Well I'v been through the desert on a horse with no _________brain
48.6%
So i'll feed you to the __________ Fire Ants
48.6%
08-09 comedy % Correct
I love that jiggly thing you do. ______jello
37.8%
Potty Train, Potty Trian, I see a _____ over there and I can't make up my mindtoilet
36.5%
There's a _________ on the rightbaboon
35.1%
Have recess in the foyer and then we read Tom Sawyer.....Homeschool Family
33.8%
I pulled a muscle in my upper thighCletus take the reel
31.1%
Just the other day some dude asked me where I'm gonna spend eternity.Free Gospel Report
12.2%
A pinata, a pinata, a pinataSmells like Birthday Cake
8.1%

You're not logged in!

Compare scores with friends on all Sporcle quizzes.
OR
Log In

Show Comments

Extras

Created Nov 5, 2010ReportNominate
Tags:Song Quiz, motion, range

Top Quizzes Today


Score Distribution

Your Account Isn't Verified!

In order to create a playlist on Sporcle, you need to verify the email address you used during registration. Go to your Sporcle Settings to finish the process.

Report this User

Report this user for behavior that violates our Community Guidelines.

Details: